<?xml version="1.0" encoding="UTF-8"?>
<record
    xmlns:xsi="http://www.w3.org/2001/XMLSchema-instance"
    xsi:schemaLocation="http://www.loc.gov/MARC21/slim http://www.loc.gov/standards/marcxml/schema/MARC21slim.xsd"
    xmlns="http://www.loc.gov/MARC21/slim">

  <leader>00490nam a2200181   4500</leader>
  <controlfield tag="005">20251230164828.0</controlfield>
  <controlfield tag="008">251230b        |||||||| |||| 00| 0 eng d</controlfield>
  <datafield tag="020" ind1=" " ind2=" ">
    <subfield code="a">978-81-291-4215-3</subfield>
  </datafield>
  <datafield tag="041" ind1=" " ind2=" ">
    <subfield code="a">English</subfield>
  </datafield>
  <datafield tag="082" ind1=" " ind2=" ">
    <subfield code="a">X 920 KAL</subfield>
    <subfield code="b">B12106</subfield>
  </datafield>
  <datafield tag="100" ind1=" " ind2=" ">
    <subfield code="a">Kalam A P J Abdul</subfield>
    <subfield code="9">216119</subfield>
  </datafield>
  <datafield tag="245" ind1=" " ind2=" ">
    <subfield code="a">Learning How to Fly</subfield>
    <subfield code="b">Life Lessons for the Youth</subfield>
  </datafield>
  <datafield tag="250" ind1=" " ind2=" ">
    <subfield code="a">1st</subfield>
  </datafield>
  <datafield tag="260" ind1=" " ind2=" ">
    <subfield code="a">New Delhi</subfield>
    <subfield code="b">Rupa  publication</subfield>
    <subfield code="c">2016</subfield>
  </datafield>
  <datafield tag="300" ind1=" " ind2=" ">
    <subfield code="a">viii,163p</subfield>
    <subfield code="b">pb</subfield>
  </datafield>
  <datafield tag="365" ind1=" " ind2=" ">
    <subfield code="a">Rupaye</subfield>
    <subfield code="b">197</subfield>
    <subfield code="c">INR</subfield>
  </datafield>
  <datafield tag="942" ind1=" " ind2=" ">
    <subfield code="c">BK</subfield>
  </datafield>
  <datafield tag="999" ind1=" " ind2=" ">
    <subfield code="c">369643</subfield>
    <subfield code="d">369643</subfield>
  </datafield>
  <datafield tag="952" ind1=" " ind2=" ">
    <subfield code="0">0</subfield>
    <subfield code="1">0</subfield>
    <subfield code="2">ddc</subfield>
    <subfield code="4">0</subfield>
    <subfield code="7">0</subfield>
    <subfield code="8">NFIC</subfield>
    <subfield code="a">BTIN</subfield>
    <subfield code="b">BTIN</subfield>
    <subfield code="d">2025-12-30</subfield>
    <subfield code="e">Amazon(online) 405-5670770-9363504</subfield>
    <subfield code="g">187.15</subfield>
    <subfield code="i">CJB1-3055486</subfield>
    <subfield code="l">1</subfield>
    <subfield code="o">X 920 KAL B12106</subfield>
    <subfield code="p">BTIN-BK-12106</subfield>
    <subfield code="r">2026-02-02 14:43:36</subfield>
    <subfield code="s">2026-01-28</subfield>
    <subfield code="t">9.85</subfield>
    <subfield code="v">197.00</subfield>
    <subfield code="w">2025-10-16</subfield>
    <subfield code="y">BK</subfield>
    <subfield code="z">BTIN-BK-12106</subfield>
  </datafield>
</record>
